| 000 | 01230cam a22003134a 4500 | ||
|---|---|---|---|
| 999 |
_c531894 _d531894 |
||
| 001 | 15354426 | ||
| 003 | NUST | ||
| 005 | 20191030113526.0 | ||
| 008 | 080703s2008 flua bf 001 0 eng | ||
| 010 | _a 2008029766 | ||
| 020 | _a9781604270006 (hardcover : alk. paper) | ||
| 020 | _a1604270004 (hardcover : alk. paper) | ||
| 035 | _a(OCoLC)ocn233798844 | ||
| 038 | _aMSOHAIL | ||
| 040 |
_aDLC _cDLC _dC#P _dBWX _dDLC |
||
| 050 | 0 | 0 |
_aTH12 _b.C66 2008 |
| 082 | 0 | 0 |
_a690.68 _222 |
| 100 |
_a Eddy M. Rojas. _925046 |
||
| 245 | 0 | 0 |
_aConstruction productivity : _ba practical guide for building and electrical contractors / |
| 260 |
_aFt. Lauderdale, FL : _bJ. Ross Pub., _cc2008. |
||
| 300 |
_axiii, 329 p. : _bill. ; _c24 cm. |
||
| 504 | _aIncludes bibliographical references (p. 305-308) and index. | ||
| 650 | 0 |
_aContractors _vHandbooks, manuals, etc. _925047 |
|
| 700 | 1 |
_aRojas, Eddy M. _925048 |
|
| 856 | 4 | 1 |
_3Table of contents only _uhttp://www.loc.gov/catdir/toc/ecip0822/2008029766.html |
| 906 |
_a7 _bcbc _corignew _d1 _eecip _f20 _gy-gencatlg |
||
| 942 |
_2ddc _cBK |
||